000 00367nam a2200157Ia 4500
003 OSt
005 20240210100113.0
008 170524s9999 xx 000 0 und d
020 _a978-1259025785
040 _cIIMT UNIVERSITY
100 _aIVANCEVICH JOHN
100 _c2012
245 0 _aORGANIZATIONAL BEHAVIOUR AND MANAGEMENT
260 _aTMH
942 _2ddc
_c01
999 _c2779
_d2779